FIFA 22 Ones to watch - Statistics

General Stats
  • This quiz has been taken 183 times
    172 since last reset
  • The average score is 24 of 35
Answer Stats
Club Position Rating Answer % Correct
Man United ST 91 Cristiano Ronaldo
96%
Real Madrid CB 84 David Alaba
88%
Man United CB 86 Raphael Varane
88%
PSG RB 85 Achraf Hakimi
87%
PSG RW 93 Lionel Messi
86%
Man City LW 84 Jack Grealish
85%
PSG CB 88 Sergio Ramos
83%
Man United RM 87 Jadon Sancho
81%
Chelsea ST 88 Romelu Lukaku
80%
Barcelona CF 85 Memphis Depay
79%
Inter Milan RB 82 Denzel Dumfries
77%
Real Madrid CM 78 Eduardo Camavinga
77%
Bayern Munich CB 82 Dayot Upamecano
75%
Atletico Madrid ST 85 Antoine Griezmann
73%
Al-Nassr CF 82 Anderson Talisca
72%
Juventus CDM 82 Manuel Locatelli
72%
Chelsea CM 82 Saul Niguez
72%
Aston Villa RM 82 Leon Bailey
69%
Borussia Dortmund ST 80 Donyell Malen
68%
Liverpool CB 78 Ibrahima Konate
67%
AC Milan CB 79 Fikayo Tomori
66%
RB Leipzig ST 84 Andre Silva
64%
Aston Villa ST 81 Danny Ings
62%
PSG CM 84 Georginio Wijnaldum
62%
Inter Milan CF 81 Joaquin Correa
60%
Bayern Munich CM 84 Marcel Sabitzer
59%
Ajax RW 81 Steven Berghuis
57%
Real Betis RB 78 Hector Bellerin
56%
Leeds LB 78 Junior Firpo
55%
Atletico Madrid CM 82 Rodrigo De Paul
55%
Brighton LM 81 Marc Cucurella
51%
OGC Nice LM 76 Justin Kluivert
49%
Sevilla CDM 81 Thomas Delaney
48%
Monaco ST 76 Myron Boadu
46%
Lyon RW 79 Xherdan Shaqiri
36%
No matching quizzes found
Score Distribution
Percent of People with Each Score
Percentile by Number Answered
Your Score History
You have not taken this quiz since the last reset